LEADER 01094nam0-22003131i-450- 001 990008037650403321 005 20051026132115.0 035 $a000803765 035 $aFED01000803765 035 $a(Aleph)000803765FED01 035 $a000803765 100 $a20050405d1969----km-y0itay50------ba 101 0 $aita 102 $aIT 105 $a--------101yy 200 1 $a11. convegno di idraulica e costruzioni idrauliche$eGenova, 25-27 ottobre 1968$epromosso dall'Istituto di idraulica e Facoltà di Ingegneria dell'Università di Genova 210 $aMilano$cSoc. ed. riviste industrie elettriche$d1969 215 $a346 p.$d30 cm 610 0 $aIdraulica 610 0 $aCostruzioni idrauliche 710 12$aConvegno di idraulica e costruzioni idrauliche,$d11.$f<1968 ;$eGenova>$0422720 712 02$aUniversità degli studi di Genova.$bIstituto di idraulica 801 0$aIT$bUNINA$gRICA$2UNIMARC 901 $aBK 912 $a990008037650403321 952 $a15 ..V/4-11$fDINID 959 $aDINID 996 $a11. convegno di idraulica e costruzioni idrauliche$9755626 997 $aUNINA